[Event "Santiago de Cuba Province-ch final"]
[Site "Santiago de Cuba"]
[Date "2018.09.30"]
[Round "8"]
[White "Rodriguez Basulto, Reyson Ricardo"]
[Black "Vispo Silega, Yadiel"]
[Result "0-1"]
[WhiteElo "1897"]
[BlackElo "1988"]
[PlyCount "128"]
[EventDate "2018.09.26"]
[EventType "swiss"]
[EventRounds "9"]
[EventCountry "CUB"]
[SourceTitle "EXT 2021"]
[Source "ChessBase"]
[SourceDate "2020.10.23"]
[SourceVersion "1"]
[SourceVersionDate "2020.10.23"]
[SourceQuality "1"]

1. e4 e5 2. Nf3 Nc6 3. Bb5 a6 4. Ba4 d6 5. d4 Bd7 6. 0-0 Nxd4 7. Bxd7+ Qxd7 8. Nxd4 exd4 9. Qxd4 Ne7 10. c4 Nc6 11. Qd1 Be7 12. Nc3 0-0 13. b3 Bf6 14. Bb2 Rad8 15. f4 Bd4+ 16. Kh1 f5 17. b4 Bxc3 18. Bxc3 fxe4 19. Qd5+ Qf7 20. Qxe4 Rde8 21. Qd3 Re6 22. Rf3 Rg6 23. Raf1 Qf5 24. Qxf5 Rxf5 25. Re1 Kf7 26. g3 b5 27. cxb5 axb5 28. Rfe3 d5 29. Re8 d4 30. Bd2 Rd6 31. g4 Rfd5 32. f5 Rd8 33. R8e6 R5d6 34. Kg2 Ra8 35. Rxd6 cxd6 36. Ra1 Ra3 37. Bc1 Ra4 38. Bf4 Nxb4 39. Bxd6 Nc2 40. Rb1 d3 41. Kf3 Rxa2 42. Rd1 b4 43. Ke4 b3 44. Kxd3 Ra4 45. Kc3 Ne3 46. Re1 Nxg4 47. Kxb3 Rd4 48. Bg3 Rd5 49. Rf1 Nh6 50. Kc4 Ra5 51. Bc7 Ra2 52. Kd4 Ng4 53. Ke4 h6 54. h3 Nf2+ 55. Kf3 Nxh3 56. Bd8 Ng5+ 57. Kf4 Ra4+ 58. Ke5 Re4+ 59. Kd5 Re8 60. Bc7 Kf6 61. Kd4 Nf7 62. Kd5 h5 63. Kd4 Nh6 64. Kd5 Nxf5 0-1

[Event "Santiago de Cuba Province-ch final"]
[Site "Santiago de Cuba"]
[Date "2018.09.27"]
[Round "3"]
[White "Linares Napoles, Oleiny"]
[Black "Vispo Silega, Yadiel"]
[Result "1-0"]
[WhiteElo "2231"]
[BlackElo "1988"]
[PlyCount "50"]
[EventDate "2018.09.26"]
[EventType "swiss"]
[EventRounds "9"]
[EventCountry "CUB"]
[SourceTitle "EXT 2021"]
[Source "ChessBase"]
[SourceDate "2020.10.23"]
[SourceVersion "1"]
[SourceVersionDate "2020.10.23"]
[SourceQuality "1"]

1. Nf3 Nc6 2. e4 e5 3. Bb5 a6 4. Bxc6 dxc6 5. d3 Nf6 6. Nxe5 Bc5 7. 0-0 Qe7 8. Nf3 Bg4 9. Nc3 0-0-0 10. Be3 Bxe3 11. fxe3 Rhe8 12. Qe1 Kb8 13. Rb1 h6 14. b4 g5 15. a4 Nd7 16. Nd4 Ne5 17. b5 c5 18. bxa6 cxd4 19. Rxb7+ Kc8 20. Nb5 Rd6 21. exd4 Nc6 22. Rxf7 Qe6 23. Rfxc7+ Kd8 24. a7 Nxa7 25. Rb8+ Nc8 1-0

[Event "Moncada Cup"]
[Site "Santiago de Cuba"]
[Date "2017.03.24"]
[Round "5.2"]
[White "Vispo Silega, Yadiel"]
[Black "Suarez Castro, Armando"]
[Result "1-0"]
[WhiteElo "1990"]
[BlackElo "2049"]
[PlyCount "142"]
[EventDate "2017.03.21"]
[EventType "swiss"]
[EventRounds "10"]
[EventCountry "CUB"]
[SourceTitle "EXT 2023"]
[Source "ChessBase"]
[SourceDate "2022.10.05"]
[SourceVersion "1"]
[SourceVersionDate "2022.10.05"]
[SourceQuality "1"]

1. e4 e5 2. Nf3 Nc6 3. Bc4 d6 4. 0-0 Be7 5. Nc3 Nf6 6. d4 Bg4 7. d5 Nd4 8. Be2 Nxe2+ 9. Qxe2 0-0 10. Bg5 Nxd5 11. Nxd5 Bxg5 12. h3 Bxf3 13. Qxf3 c6 14. Nc3 Qd7 15. Rad1 Qe6 16. Rd3 Be7 17. Rfd1 f5 18. exf5 Rxf5 19. Qg4 Qf7 20. Qe2 Rf8 21. f3 d5 22. Re1 Bh4 23. Rb1 Bd8 24. Rdd1 Qg6 25. Kh1 Qg3 26. Qf1 Rxf3 27. gxf3 Rxf3 28. Qg2 Qxh3+ 29. Qxh3 Rxh3+ 30. Kg2 Rh4 31. Rf1 Rc4 32. Rf2 Bh4 33. Re2 Bf6 34. Rf1 h5 35. Nd1 Rg4+ 36. Kh1 Kf7 37. Rg2 Rd4 38. Ne3 g6 39. Rgf2 Rf4 40. Rxf4 exf4 41. Rxf4 Ke6 42. Nd1 g5 43. Rf1 c5 44. Kg2 b5 45. b3 Be7 46. Re1+ Kd6 47. Ne3 Bf6 48. Nf5+ Kd7 49. Kf3 a5 50. Re2 d4 51. Ke4 Ke6 52. Ng3 h4 53. Nf1 Be5 54. Nh2 Bf4 55. Ng4 Kd6 56. Kf5 c4 57. bxc4 bxc4 58. Re8 Kc5 59. Ke4 c3 60. Rc8+ Kb4 61. Kxd4 Bd2 62. Nf2 a4 63. Ne4 g4 64. Rg8 g3 65. Rg4 Be1 66. Rxh4 Ka3 67. Rg4 Kb2 68. Ke3 a3 69. Nxg3 Kxa2 70. Ne2 Kb2 71. Rb4+ Ka1 1-0